000 00340nam a22001337a 4500
008 170925b xxu||||| |||| 00| 0 eng d
020 _a9780787958374
041 _aeng
080 _a37
100 _a46
101 _aEDU
245 _aUNDERSTANDING AND FACILITATING ORGANIZATIONAL CHANGE IN THE 21ST CENTURY
_cKEZAR,A.J
942 _2udc
_cBK
999 _c29566
_d29566